Equipes Naruto - Statistiques

Statistiques générales
  • Ce quiz a été pris 1 586 fois
  • Le résultat moyen est 29 sur 37
Statistiques - réponses
Equipe 7 % Correct
Naruto
100%
naruto
100%
Sakura
100%
sakura
100%
Sasuke
100%
sasuke
100%
Neji
98%
Shikamaru
98%
Choji
97%
Hinata
97%
Ino
97%
Tenten
97%
Kakashi
96%
Rock lee
96%
Sai
96%
Kiba
95%
Obito
95%
Shino
94%
Rin
93%
Jiraya
91%
Orochimaru
90%
Tsunade
90%
Yamato
89%
Karin
87%
Suigetsu
78%
Jugo
76%
Gaara
69%
Temari
68%
Kankuro
65%
Kimimaro
54%
Jirobo
35%
Tayuya
35%
Sakon
32%
Ukon
29%
Kidomaru
26%
Kurenai
14%
Hiruzen
11%
Aucun quiz correspondant
Distribution des résultats
% des personnes avec chaque résultat
Percentile par nombre de réponses
Votre historique - résultats
Vous n’avez pas pris ce quiz